[Event "Donau op 12th"]
[Site "Aschach"]
[Date "2003.12.28"]
[Round "4"]
[White "Erlacher, Michael"]
[Black "Jurek, Josef"]
[Result "0-1"]
[WhiteElo "2212"]
[BlackElo "2335"]
[PlyCount "57"]
[EventDate "2003.12.26"]
[EventType "swiss"]
[EventRounds "7"]
[EventCountry "AUT"]
[SourceTitle "CBM 097 Extra"]
[Source "ChessBase"]
[SourceDate "2004.01.13"]
[SourceVersion "1"]
[SourceVersionDate "2004.01.13"]
[SourceQuality "1"]

1. e4 c5 2. Nc3 Nc6 3. g3 g6 4. Bg2 Bg7 5. d3 d6 6. f4 e6 7. Nf3 Nge7 8. 0-0 0-0 9. Be3 Rb8 10. Qd2 b5 11. Rae1 b4 12. Nd1 Qa5 13. Bf2 Qxa2 14. e5 dxe5 15. Bxc5 exf4 16. Qxf4 Rb5 17. d4 e5 18. Qd2 Rxc5 19. dxc5 Rd8 20. Qe3 f5 21. c3 e4 22. Ng5 bxc3 23. bxc3 Qc4 24. Bxe4 fxe4 25. Nxe4 Nf5 26. Qf3 Ne5 27. Qf4 Bb7 28. Ndf2 Rf8 29. Nd6 0-1

[Event "AUT-chT2W 0203"]
[Site "Austria"]
[Date "2003.01.31"]
[Round "7"]
[White "Erlacher, Michael"]
[Black "Bezler, Rainer"]
[Result "1/2-1/2"]
[WhiteElo "2197"]
[BlackElo "2253"]
[PlyCount "179"]
[EventDate "2002.10.??"]
[EventType "team"]
[EventRounds "11"]
[EventCountry "AUT"]
[SourceTitle "EXT 2004"]
[Source "ChessBase"]
[SourceDate "2003.11.25"]
[SourceVersion "1"]
[SourceVersionDate "2003.11.25"]
[SourceQuality "1"]

1. e4 e5 2. Nf3 Nf6 3. Nxe5 d6 4. Nf3 Nxe4 5. d4 d5 6. Bd3 Nc6 7. 0-0 Be7 8. c4 Bf5 9. Nc3 Nxc3 10. bxc3 Bxd3 11. Qxd3 dxc4 12. Qxc4 0-0 13. Rb1 Rb8 14. Be3 a6 15. a4 Na5 16. Qa2 c6 17. c4 b5 18. Ne5 Bd6 19. cxb5 axb5 20. axb5 cxb5 21. Rfd1 Bxe5 22. dxe5 Qc7 23. Rd5 Nc4 24. Rdxb5 Rxb5 25. Rxb5 Nxe3 26. fxe3 Qc3 27. Kf2 h6 28. Qb2 Qd3 29. Rb8 Rxb8 30. Qxb8+ Kh7 31. Qb4 Qc2+ 32. Kf3 Qd1+ 33. Kg3 Qd5 34. Qf4 g6 35. h3 h5 36. Kh2 Kg8 37. Qd4 Qe6 38. Qd8+ Kg7 39. Qd4 Kg8 40. e4 Qc6 41. Qe3 Qe6 42. Qf4 Kg7 43. Kg3 Qe7 44. Kf2 Qe6 45. Qg5 Qc6 46. Qf4 Qe6 47. g4 Qb6+ 48. Kg3 hxg4 49. Kxg4 Qe6+ 50. Kh4 Qe7+ 51. Kg3 Qe6 52. h4 Qb6 53. Qf2 Qb3+ 54. Kf4 Qc3 55. Qf3 Qc7 56. Qe3 Qe7 57. Qg3 Qd8 58. Qg5 Qd2+ 59. Kf3 Qd3+ 60. Qe3 Qd8 61. Kg3 Qe7 62. Qd4 Qe6 63. Qd5 Qb6 64. Qd1 Qe3+ 65. Qf3 Qg1+ 66. Kh3 Qb6 67. Qf4 Qe6+ 68. Kg3 Qb6 69. Kf3 Qe6 70. Qg5 Qb3+ 71. Qe3 Qe6 72. Qf4 Qh3+ 73. Ke2 Qe6 74. Qg5 Qc4+ 75. Kf3 Qb3+ 76. Kf4 Qb6 77. Qg3 Qd8 78. Qf2 Qe7 79. Qe1 Qe6 80. Qe3 Kh6 81. Qg3 Qc6 82. Qe3 Kg7 83. Qd4 Kg8 84. Qd8+ Kg7 85. Qd4 Kg8 86. Qd6 Qc1+ 87. Kg4 Qg1+ 88. Kf4 Qf2+ 89. Kg4 Qg2+ 90. Kf4 1/2-1/2

[Event "Donau op 11th"]
[Site "Aschach"]
[Date "2002.12.30"]
[Round "6"]
[White "Orel, Oskar"]
[Black "Erlacher, Michael"]
[Result "1-0"]
[WhiteElo "2322"]
[BlackElo "2208"]
[PlyCount "113"]
[EventDate "2002.12.26"]
[EventType "swiss"]
[EventRounds "7"]
[EventCountry "AUT"]
[SourceTitle "CBM 091 Extra"]
[Source "ChessBase"]
[SourceDate "2003.01.09"]
[SourceVersion "1"]
[SourceVersionDate "2003.01.09"]
[SourceQuality "1"]

1. e4 c5 2. Nf3 d6 3. c3 Nf6 4. Bd3 Bg4 5. h3 Bh5 6. Be2 Nbd7 7. d3 e6 8. Nbd2 Bg6 9. 0-0 Be7 10. Re1 0-0 11. Bf1 d5 12. Nh4 Bd6 13. Nxg6 hxg6 14. exd5 exd5 15. g3 Qc7 16. Bg2 Rae8 17. Nf1 Rxe1 18. Qxe1 Re8 19. Qd1 b6 20. Bg5 Nh7 21. Bd2 Ndf6 22. Ne3 d4 23. cxd4 cxd4 24. Nc4 Bc5 25. Qf3 a5 26. Rc1 Qe7 27. Qc6 Nd7 28. a3 Nhf6 29. Re1 Qf8 30. Rb1 Re6 31. Qb7 Qb8 32. Qf3 a4 33. h4 b5 34. Bf4 Qd8 35. Nd2 Ne5 36. Bxe5 Rxe5 37. Rc1 Bf8 38. Bh3 Qe7 39. Qd1 Rc5 40. Bg2 Rxc1 41. Qxc1 b4 42. axb4 Qxb4 43. Nc4 Qb3 44. Qd2 a3 45. bxa3 Bxa3 46. Bf3 Bb4 47. Qe2 Qc3 48. Kg2 Qe1 49. Qa2 Qe7 50. Qa6 Qc7 51. Qa4 Bf8 52. Qa8 Qe7 53. Qc6 Qd8 54. Qb7 Bc5 55. Ne5 Qf8 56. Bd5 Nxd5 57. Qxd5 1-0

[Event "AUT-chT2W 0203"]
[Site "Austria"]
[Date "2002.10.11"]
[Round "1"]
[White "Erlacher, Michael"]
[Black "Neuschmied, Siegfried"]
[Result "0-1"]
[WhiteElo "2197"]
[BlackElo "2185"]
[PlyCount "60"]
[EventDate "2002.10.??"]
[EventType "team"]
[EventRounds "11"]
[EventCountry "AUT"]
[SourceTitle "EXT 2004"]
[Source "ChessBase"]
[SourceDate "2003.11.25"]
[SourceVersion "1"]
[SourceVersionDate "2003.11.25"]
[SourceQuality "1"]

1. d4 Nf6 2. c4 g6 3. Nc3 Bg7 4. e4 d6 5. Nf3 0-0 6. Be2 Nc6 7. 0-0 e5 8. d5 Ne7 9. Ne1 Ne8 10. Nd3 f5 11. f3 c5 12. a3 Kh8 13. b4 b6 14. bxc5 bxc5 15. Rb1 Bd7 16. Qb3 Ng8 17. Qb7 Bh6 18. Rb2 Nc7 19. Bxh6 Nxh6 20. Rfb1 Rf7 21. Bd1 Rg7 22. Ba4 Bxa4 23. Nxa4 fxe4 24. fxe4 Qg5 25. Re2 Rf8 26. Qc6 Ne8 27. h3 Qg3 28. Nab2 g5 29. Rbe1 g4 30. Qc8 Rc7 0-1

[Event "Seefeld op 13th"]
[Site "Seefeld"]
[Date "2002.09.16"]
[Round "3"]
[White "Erlacher, Michael"]
[Black "Dittmar, Peter"]
[Result "1/2-1/2"]
[WhiteElo "2197"]
[BlackElo "2349"]
[PlyCount "35"]
[EventDate "2002.09.14"]
[EventType "swiss"]
[EventRounds "9"]
[EventCountry "AUT"]
[SourceTitle "EXT 2007"]
[Source "ChessBase"]
[SourceDate "2006.11.23"]
[SourceVersion "1"]
[SourceVersionDate "2006.11.23"]
[SourceQuality "1"]

1. e4 e6 2. d4 d5 3. Nc3 Bb4 4. e5 Ne7 5. a3 Bxc3+ 6. bxc3 b6 7. Qg4 Kf8 8. h4 Ba6 9. Bxa6 Nxa6 10. h5 h6 11. Rh3 c5 12. Nf3 Rc8 13. Nh4 Rg8 14. Rf3 Ke8 15. Qf4 Rf8 16. Qg4 Rg8 17. Qf4 Rf8 18. Qg4 1/2-1/2

[Event "AUT-chT2W 0102"]
[Site "Austria"]
[Date "2002.03.08"]
[Round "9.5"]
[White "Erlacher, Michael"]
[Black "Brugger, Hugo"]
[Result "1-0"]
[WhiteElo "2185"]
[BlackElo "2115"]
[PlyCount "86"]
[EventDate "2001.10.12"]
[EventType "team"]
[EventRounds "11"]
[EventCountry "AUT"]
[SourceTitle "EXT 2002"]
[Source "ChessBase"]
[SourceDate "2001.11.25"]
[SourceVersion "1"]
[SourceVersionDate "2001.11.25"]
[SourceQuality "1"]

1. e4 e5 2. Nf3 Nc6 3. Bb5 a6 4. Ba4 Nf6 5. 0-0 Nxe4 6. d4 b5 7. Bb3 d5 8. dxe5 Be6 9. c3 Bc5 10. Nbd2 0-0 11. Bc2 Bf5 12. Nb3 Bg6 13. Nxc5 Nxc5 14. Bxg6 hxg6 15. Bf4 Ne6 16. Be3 Na5 17. Qe2 Qe7 18. Rad1 Rfd8 19. Rd3 Rd7 20. h4 Nc4 21. Re1 Nxe3 22. Qxe3 c5 23. g3 Rad8 24. Red1 c4 25. R3d2 Qc5 26. Nd4 a5 27. a3 Rb8 28. Qf3 b4 29. axb4 axb4 30. Nxe6 fxe6 31. Qg4 Re7 32. Qxg6 bxc3 33. bxc3 Rb3 34. Ra2 Rb8 35. h5 Qb6 36. h6 Kh8 37. Kg2 gxh6 38. Qxh6+ Rh7 39. Qf6+ Kg8 40. Rd4 Rg7 41. Rb2 Qxb2 42. Qxe6+ Rf7 43. Rg4+ Kf8 1-0

[Event "Graz op"]
[Site "Graz"]
[Date "2002.??.??"]
[Round "4"]
[White "Erlacher, Michael"]
[Black "Watzka, Horst"]
[Result "1/2-1/2"]
[WhiteElo "2185"]
[BlackElo "2364"]
[PlyCount "114"]
[EventDate "2002.??.??"]
[EventType "swiss"]
[EventRounds "9"]
[EventCountry "AUT"]
[SourceTitle "EXT 2003"]
[Source "ChessBase"]
[SourceDate "2002.11.25"]
[SourceVersion "1"]
[SourceVersionDate "2002.11.25"]
[SourceQuality "1"]

1. e4 c5 2. Nc3 Nc6 3. g3 g6 4. Bg2 Bg7 5. d3 d6 6. f4 e6 7. Nf3 Nge7 8. 0-0 0-0 9. Be3 b6 10. d4 Ba6 11. Rf2 Qc7 12. Rd2 Rad8 13. Bf1 Bb7 14. Bf2 Qb8 15. Qe2 cxd4 16. Nxd4 Nxd4 17. Bxd4 e5 18. Be3 d5 19. exd5 Nxd5 20. Nxd5 Rxd5 21. Rxd5 Bxd5 22. c4 Bc6 23. Rd1 Qb7 24. Rd2 exf4 25. Bxf4 Re8 26. Qd1 Qe7 27. Qe2 Qb7 28. Qd1 Qc8 29. b3 Qf5 30. Bg2 Qc8 31. Kh1 Bf8 32. Bxc6 Qxc6+ 33. Rd5 h6 34. h4 Re4 35. Kg2 Qe6 36. Rd2 Kh7 37. Qf3 Bb4 38. Rf2 Bc5 39. Rd2 Kg7 40. Kh2 a5 41. Qc3+ Kh7 42. Qf3 Bb4 43. Rf2 Bc5 44. Rd2 a4 45. Qd3 axb3 46. axb3 Qf5 47. Qd5 Rxf4 48. gxf4 Qxf4+ 49. Kg2 Qg4+ 50. Kf1 Qg1+ 51. Ke2 Qe3+ 52. Kf1 Qf4+ 53. Kg2 Be3 54. Rc2 Qg4+ 55. Kf1 Qf4+ 56. Kg2 Qg4+ 57. Kf1 Qf4+ 1/2-1/2

[Event "Graz op"]
[Site "Graz"]
[Date "2002.??.??"]
[Round "5"]
[White "Krebs, Johann"]
[Black "Erlacher, Michael"]
[Result "1-0"]
[WhiteElo "2214"]
[BlackElo "2185"]
[PlyCount "83"]
[EventDate "2002.??.??"]
[EventType "swiss"]
[EventRounds "9"]
[EventCountry "AUT"]
[SourceTitle "EXT 2003"]
[Source "ChessBase"]
[SourceDate "2002.11.25"]
[SourceVersion "1"]
[SourceVersionDate "2002.11.25"]
[SourceQuality "1"]

1. d4 Nf6 2. c4 g6 3. g3 Bg7 4. Bg2 d6 5. Nf3 0-0 6. 0-0 Nbd7 7. Nc3 e5 8. h3 c6 9. e4 Qb6 10. c5 dxc5 11. dxe5 Ne8 12. e6 fxe6 13. Ng5 Ne5 14. f4 Nf7 15. Nxf7 Bd4+ 16. Kh2 Rxf7 17. e5 Nc7 18. Ne4 Nd5 19. h4 Qd8 20. a4 a5 21. Ra3 b6 22. Ng5 Rg7 23. Qg4 Qe8 24. Qd1 Ba6 25. Rh1 Rd8 26. Qc2 Nb4 27. Qe4 Nd3 28. Be3 Nxb2 29. Rb3 Nc4 30. Bc1 Bb7 31. Qc2 b5 32. Ne4 Rf7 33. h5 Rf5 34. Bh3 Qe7 35. hxg6 hxg6 36. Bxf5 gxf5 37. Nf6+ Kg7 38. Kg2 Rh8 39. Qd1 Nxe5 40. fxe5 Bxe5 41. Rxh8 Kxf6 42. Qh5 1-0

[Event "AUT-chT2W 0001"]
[Site "Austria"]
[Date "2000.10.29"]
[Round "3.3"]
[White "Kondrak, Christof"]
[Black "Erlacher, Michael"]
[Result "1/2-1/2"]
[WhiteElo "2195"]
[BlackElo "2167"]
[PlyCount "85"]
[EventDate "2000.??.??"]
[EventType "team"]
[EventRounds "9"]
[EventCountry "AUT"]
[SourceTitle "EXT 2002"]
[Source "ChessBase"]
[SourceDate "2001.11.25"]
[SourceVersion "1"]
[SourceVersionDate "2001.11.25"]
[SourceQuality "1"]

1. d4 Nf6 2. c4 g6 3. Nf3 Bg7 4. Nc3 d6 5. Bf4 0-0 6. e3 Nc6 7. Qb3 Nd7 8. Rd1 Re8 9. Be2 e5 10. Bg3 exd4 11. exd4 Nf6 12. Bh4 Na5 13. Qa4 b6 14. 0-0 Bd7 15. Qc2 Bf5 16. Qc1 Qd7 17. Rfe1 Ne4 18. Nd5 c6 19. Ne3 Bh6 20. Bd3 Bg4 21. Bxe4 Rxe4 22. Nxg4 Rxe1+ 23. Rxe1 Bxc1 24. Nf6+ Kg7 25. Nxd7 Bxb2 26. Re7 h6 27. Bf6+ Kg8 28. h4 Nxc4 29. h5 gxh5 30. Nh4 c5 31. Nf5 Kh7 32. Ne3 Nxe3 33. Rxf7+ Kg6 34. Rg7+ Kf5 35. fxe3 cxd4 36. exd4 Ke4 37. Rg6 Bxd4+ 38. Bxd4 Kxd4 39. Rxd6+ Kc3 40. Ne5 Kb2 41. Rd2+ Ka3 42. Nf7 b5 43. Nxh6 1/2-1/2

[Event "AUT-chT2W 9900"]
[Site "Austria"]
[Date "2000.03.05"]
[Round "11"]
[White "Mira, Helene"]
[Black "Erlacher, Michael"]
[Result "0-1"]
[WhiteElo "2177"]
[BlackElo "2125"]
[PlyCount "86"]
[EventDate "1999.10.15"]
[EventType "team"]
[EventRounds "11"]
[EventCountry "AUT"]
[SourceTitle "EXT 2000"]
[Source "ChessBase"]
[SourceDate "1999.11.16"]
[SourceVersion "1"]
[SourceVersionDate "1999.11.16"]
[SourceQuality "1"]

1. d4 Nf6 2. c4 g6 3. Nc3 Bg7 4. e4 d6 5. Be2 0-0 6. Nf3 e5 7. d5 a5 8. Bg5 h6 9. Bh4 Na6 10. Nd2 Bd7 11. 0-0 Qe8 12. a3 a4 13. Qc2 Nc5 14. f3 Nh5 15. Bf2 b6 16. g3 f5 17. Bxc5 bxc5 18. Nb5 Qd8 19. Rae1 Nf6 20. Bd3 Ne8 21. Nb1 Qg5 22. N1c3 h5 23. Kh1 f4 24. Qg2 Qh6 25. Bc2 g5 26. Bd1 Rf6 27. Rg1 Rg6 28. Qd2 g4 29. Ref1 h4 30. gxh4 Qxh4 31. fxg4 Bf6 32. Qf2 Qh6 33. Qc2 Bh4 34. Bf3 Bg3 35. Rg2 Bxg4 36. Bxg4 Rxg4 37. Ne2 Nf6 38. Nxg3 fxg3 39. Rf3 Nxe4 40. Nxc7 Rf8 41. Rxf8+ Qxf8 42. hxg3 Nxg3+ 43. Kh2 Rh4+ 0-1

[Event "AUT-chT2W 9900"]
[Site "Austria"]
[Date "1999.11.21"]
[Round "6"]
[White "Bezler, Rainer"]
[Black "Erlacher, Michael"]
[Result "1-0"]
[WhiteElo "2220"]
[BlackElo "2125"]
[PlyCount "109"]
[EventDate "1999.10.15"]
[EventType "team"]
[EventRounds "11"]
[EventCountry "AUT"]
[SourceTitle "EXT 2000"]
[Source "ChessBase"]
[SourceDate "1999.11.16"]
[SourceVersion "1"]
[SourceVersionDate "1999.11.16"]
[SourceQuality "1"]

1. d4 Nf6 2. c4 g6 3. Nc3 Bg7 4. Nf3 d6 5. e4 0-0 6. Be2 e5 7. 0-0 Nc6 8. d5 Ne7 9. Be3 Ng4 10. Bc1 f5 11. Ng5 Nf6 12. exf5 Nxf5 13. Nge4 Nd4 14. Bg5 Qe8 15. Rc1 Bf5 16. Bd3 b6 17. b4 a5 18. a3 axb4 19. axb4 Nxe4 20. Nxe4 Qa4 21. Bd2 Qxd1 22. Rcxd1 Ra3 23. Bb1 Bxe4 24. Bxe4 Ne2+ 25. Kh1 Nc3 26. Rde1 Nxe4 27. Rxe4 Rd3 28. Be3 Ra8 29. g3 Raa3 30. Rc1 Rab3 31. b5 Rb4 32. Kg2 h5 33. Bg5 Ra3 34. Bd8 Ra7 35. h4 Kf7 36. Rc2 Bh6 37. Rc3 Ke8 38. Bf6 Kf7 39. Rf3 Kg8 40. Bd8 Bg7 41. g4 Bh6 42. Rf6 Raa4 43. gxh5 Rxc4 44. Rxc4 Rxc4 45. hxg6 Rc5 46. Re6 Rxd5 47. Bf6 Kf8 48. Be7+ Kg7 49. Bf6+ Kf8 50. Bd8 Rc5 51. Kg3 Rc4 52. Re7 d5 53. Rxc7 Bf4+ 54. Kf3 Ra4 55. Bf6 1-0

[Event "AUT-chT2W 9900"]
[Site "Austria"]
[Date "1999.10.17"]
[Round "3"]
[White "Micheli, Carlo"]
[Black "Erlacher, Michael"]
[Result "1-0"]
[WhiteElo "2295"]
[BlackElo "2125"]
[PlyCount "65"]
[EventDate "1999.10.15"]
[EventType "team"]
[EventRounds "11"]
[EventCountry "AUT"]
[SourceTitle "EXT 2000"]
[Source "ChessBase"]
[SourceDate "1999.11.16"]
[SourceVersion "1"]
[SourceVersionDate "1999.11.16"]
[SourceQuality "1"]

1. c4 Nf6 2. Nc3 g6 3. g3 Bg7 4. Bg2 0-0 5. e4 d6 6. Nge2 c5 7. d3 Nc6 8. 0-0 Bd7 9. h3 Ne8 10. f4 Nc7 11. f5 Rb8 12. b3 b5 13. Rb1 Ne5 14. Be3 bxc4 15. dxc4 Bc6 16. g4 a5 17. Qd2 Re8 18. Bh6 Bh8 19. Nf4 a4 20. Nd3 axb3 21. axb3 Rb6 22. Nxe5 Bxe5 23. Nd5 Bxd5 24. exd5 Qb8 25. Qd3 Bg7 26. Bxg7 Kxg7 27. Be4 Rf8 28. Rf3 Qe8 29. Rbf1 f6 30. h4 Qf7 31. g5 Ne8 32. fxg6 hxg6 33. gxf6+ 1-0

[Event "AUT-chT2W 9900"]
[Site "Austria"]
[Date "1999.10.16"]
[Round "2"]
[White "Erlacher, Michael"]
[Black "Neuschmied, Siegfried"]
[Result "1/2-1/2"]
[WhiteElo "2125"]
[BlackElo "2170"]
[PlyCount "118"]
[EventDate "1999.10.15"]
[EventType "team"]
[EventRounds "11"]
[EventCountry "AUT"]
[SourceTitle "EXT 2000"]
[Source "ChessBase"]
[SourceDate "1999.11.16"]
[SourceVersion "1"]
[SourceVersionDate "1999.11.16"]
[SourceQuality "1"]

1. e4 d6 2. d4 Nf6 3. Nc3 g6 4. f4 Bg7 5. Nf3 0-0 6. Bd3 Nc6 7. 0-0 e5 8. fxe5 dxe5 9. d5 Nd4 10. h3 c6 11. Bg5 Qd6 12. dxc6 Nxc6 13. Qe1 Be6 14. Nb5 Qb8 15. Qh4 Nh5 16. Nc3 h6 17. Be3 Rd8 18. Ne2 Nb4 19. Ne1 Qc7 20. a3 Nc6 21. Nf3 Rd7 22. Kh1 Rad8 23. Ne1 Qa5 24. Rb1 Ba2 25. Rd1 Be6 26. g4 Nf4 27. Nxf4 exf4 28. Bd2 Qc5 29. b4 Qb6 30. g5 hxg5 31. Qxg5 Bxh3 32. Bxf4 Nd4 33. Be3 Qc6 34. Qh4 Be6 35. Kg1 Be5 36. Rf2 Kg7 37. Bg5 Rh8 38. Bf6+ Bxf6 39. Qxf6+ Kg8 40. Ng2 Qd6 41. e5 Qe7 42. Qxe7 Rxe7 43. Bxg6 Nc6 44. Be4 Nxe5 45. Nf4 Rh6 46. Rg2+ Kf8 47. Rd8+ Re8 48. Rg8+ Kxg8 49. Rxe8+ Kg7 50. Nxe6+ Rxe6 51. Rxe6 fxe6 52. Bxb7 Nc4 53. a4 Kf6 54. Ba6 Nb6 55. a5 Nd5 56. c3 Nxc3 57. Bc4 Ke5 58. b5 Kd6 59. b6 axb6 1/2-1/2

[Event "AUT-chT2W 9697"]
[Site "Austria"]
[Date "1997.??.??"]
[Round "10"]
[White "Erlacher, Michael"]
[Black "Schmidlechner, Alexander"]
[Result "0-1"]
[WhiteElo "2155"]
[BlackElo "2255"]
[PlyCount "96"]
[EventDate "1996.??.??"]
[EventType "team"]
[EventRounds "11"]
[EventCountry "AUT"]
[SourceTitle "EXT 1998"]
[Source "ChessBase"]
[SourceDate "1997.11.17"]
[SourceVersion "1"]
[SourceVersionDate "1997.11.17"]
[SourceQuality "1"]

1. e4 c5 2. Nc3 Nc6 3. g3 g6 4. Bg2 Bg7 5. d3 d6 6. f4 e6 7. Nf3 Nge7 8. 0-0 0-0 9. Rb1 Rb8 10. Bd2 Nd4 11. Ne2 Nec6 12. c3 Nxf3+ 13. Bxf3 d5 14. e5 b6 15. b4 Qc7 16. a3 Bd7 17. Be3 Ne7 18. Bf2 Rfc8 19. b5 c4 20. d4 a6 21. a4 Ra8 22. g4 axb5 23. axb5 Ra5 24. Bh4 Bxb5 25. Ng3 Ba4 26. Qe2 Bb3 27. f5 Bh6 28. g5 Bf8 29. fxe6 fxe6 30. Bg4 Nf5 31. Nxf5 gxf5 32. Bh5 Ra2 33. Qe3 Bc2 34. Ra1 Rca8 35. Rxa2 Rxa2 36. g6 hxg6 37. Bxg6 Qg7 38. Qg5 f4 39. Bxc2 Rxc2 40. Qxg7+ Kxg7 41. Be1 Re2 42. Bh4 Re3 43. Be1 Be7 44. Bd2 Rd3 45. Be1 f3 46. h4 Kg6 47. Kh2 Kh5 48. Rh1 Rd1 0-1

[Event "AUT-chT2W 9596"]
[Site "Austria"]
[Date "1996.??.??"]
[Round "?"]
[White "Erlacher, Michael"]
[Black "Duer, Werner"]
[Result "0-1"]
[WhiteElo "2155"]
[BlackElo "2280"]
[PlyCount "105"]
[EventDate "1995.??.??"]
[EventType "team"]
[EventRounds "11"]
[EventCountry "AUT"]
[SourceTitle "EXT 1998"]
[Source "ChessBase"]
[SourceDate "1997.11.17"]
[SourceVersion "1"]
[SourceVersionDate "1997.11.17"]
[SourceQuality "1"]

1. e4 c6 2. Nc3 d5 3. Nf3 Bg4 4. h3 Bxf3 5. Qxf3 Nf6 6. d3 e6 7. Bd2 Bb4 8. a3 Ba5 9. e5 Nfd7 10. d4 c5 11. Qg3 Kf8 12. dxc5 d4 13. Ne4 Bxd2+ 14. Kxd2 Nc6 15. b4 Ncxe5 16. f4 Nc6 17. Bd3 g6 18. Qf3 Nf6 19. Nxf6 Qxf6 20. g4 Kg7 21. g5 Qe7 22. h4 h5 23. gxh6+ Rxh6 24. h5 Rah8 25. hxg6 Rh2+ 26. Rxh2 Rxh2+ 27. Kc1 f5 28. Kb2 Qh4 29. Rf1 Rh3 30. Qf2 Qxf2 31. Rxf2 Kxg6 32. b5 Ne7 33. Kb3 Nd5 34. Kc4 Rh4 35. c6 bxc6 36. bxc6 Kf6 37. Kc5 Ke7 38. Rg2 Kf6 39. Kd6 Rxf4 40. c7 Nxc7 41. Kxc7 e5 42. Ba6 Rf3 43. a4 Ra3 44. Bb5 a6 45. Bc6 e4 46. Rg8 Ra2 47. Rd8 Rxc2 48. Rxd4 e3 49. Rd8 e2 50. Re8 f4 51. Kb6 Rxc6+ 52. Kxc6 f3 53. Rf8+ 0-1

[Event "Wattens op 10th"]
[Site "Wattens"]
[Date "1995.??.??"]
[Round "?"]
[White "Erlacher, Michael"]
[Black "Link, Ulrich"]
[Result "1-0"]
[WhiteElo "2055"]
[BlackElo "2205"]
[PlyCount "61"]
[EventDate "1995.??.??"]
[EventType "swiss"]
[EventRounds "9"]
[EventCountry "AUT"]
[SourceTitle "EXT 2000"]
[Source "ChessBase"]
[SourceDate "1999.11.16"]
[SourceVersion "1"]
[SourceVersionDate "1999.11.16"]
[SourceQuality "1"]

1. e4 e5 2. Bc4 Nf6 3. d3 Nc6 4. Nf3 Be7 5. Nc3 d6 6. h3 Na5 7. Bb3 0-0 8. 0-0 a6 9. Be3 b5 10. Nd5 Nxb3 11. Nxe7+ Qxe7 12. axb3 d5 13. Nd2 Bb7 14. Bg5 h6 15. Bxf6 Qxf6 16. Qe2 Qc6 17. c4 d4 18. f4 exf4 19. Rxf4 f5 20. exf5 Rae8 21. Ne4 Re5 22. Raf1 Qd7 23. f6 g5 24. f7+ Kg7 25. Rf6 g4 26. Qd2 Rh5 27. Ng3 Rg5 28. h4 Rg6 29. Nh5+ Kh7 30. Rxg6 Kxg6 31. Rf6+ 1-0

[Event "Wattens op 10th"]
[Site "Wattens"]
[Date "1995.??.??"]
[Round "?"]
[White "Erlacher, Michael"]
[Black "Rieseneder, Christian"]
[Result "1-0"]
[WhiteElo "2055"]
[BlackElo "1780"]
[PlyCount "75"]
[EventDate "1995.??.??"]
[EventType "swiss"]
[EventRounds "9"]
[EventCountry "AUT"]
[SourceTitle "EXT 2000"]
[Source "ChessBase"]
[SourceDate "1999.11.16"]
[SourceVersion "1"]
[SourceVersionDate "1999.11.16"]
[SourceQuality "1"]

1. Nf3 Nf6 2. g3 g6 3. Bg2 Bg7 4. d3 0-0 5. e4 d6 6. 0-0 c5 7. Nbd2 Nc6 8. Re1 Ng4 9. h3 Nge5 10. Nxe5 dxe5 11. Nc4 Bd7 12. a4 Qc8 13. Kh2 b6 14. f4 Qa6 15. f5 b5 16. Ne3 Rad8 17. Bd2 bxa4 18. Rf1 Na5 19. Qe1 Nb7 20. Nd5 Qd6 21. g4 e6 22. f6 exd5 23. fxg7 Kxg7 24. exd5 f5 25. Qh4 Rf7 26. Bc3 Re8 27. Rae1 Kg8 28. Kh1 c4 29. gxf5 gxf5 30. Bxe5 Qg6 31. Rg1 Kf8 32. Bf3 Qb6 33. Qg5 Qg6 34. Qf4 Qb6 35. d6 Re6 36. dxc4 Nxd6 37. Bd5 Bc6 38. Bxd6+ 1-0